Welcome to CU Library Online Public Access Catalogue (OPAC)

Church administration handbook / (Record no. 6141)

MARC details
000 -LEADER
fixed length control field 00616pam a2200193 a 4500
001 - CONTROL NUMBER
control field 1635129
005 - DATE AND TIME OF LATEST TRANSACTION
control field 20250602133119.0
008 - FIXED-LENGTH DATA ELEMENTS--GENERAL INFORMATION
fixed length control field 960617s1997 tnuak bf 000 0 eng
020 ## - INTERNATIONAL STANDARD BOOK NUMBER
International Standard Book Number 0805410619 (pbk.)
050 00 - LIBRARY OF CONGRESS CALL NUMBER
Classification number BV652
Item number .C49 1996
082 00 - DEWEY DECIMAL CLASSIFICATION NUMBER
Classification number 254
Edition information 20
245 00 - TITLE STATEMENT
Title Church administration handbook /
Statement of responsibility, etc. Bruce P. Powers, editor.
250 ## - EDITION STATEMENT
Edition statement Rev. and completely updated ed.
260 ## - PUBLICATION, DISTRIBUTION, ETC.
Place of publication, distribution, etc. Nashville, Tenn. :
Name of publisher, distributor, etc. Broadman & Holman Publishers,
Date of publication, distribution, etc. c1997.
300 ## - PHYSICAL DESCRIPTION
Extent xiv, 303 p. :
Other physical details ill., forms ;
Dimensions 21 cm.
650 #0 - SUBJECT ADDED ENTRY--TOPICAL TERM
Topical term or geographic name entry element Church management
General subdivision Handbooks, manuals, etc.
700 1# - ADDED ENTRY--PERSONAL NAME
Personal name Powers, Bruce P.
942 ## - ADDED ENTRY ELEMENTS (KOHA)
Source of classification or shelving scheme Library of Congress Classification
Koha item type Books
Suppress in OPAC No
999 ## -
-- 6141
-- 6141
Holdings
Withdrawn status Lost status Source of classification or shelving scheme Damaged status Not for loan Collection Home library Current library Shelving location Date acquired Total checkouts Full call number Barcode Date last seen Copy number Price effective from Koha item type
    Library of Congress Classification     Non-fiction Undergraduate Library (Christ Temple) Undergraduate Library (Christ Temple) General stacks 06/02/2025   BV652 CHU ulct00002843 06/02/2025 1 06/02/2025 Books
    Library of Congress Classification     Non-fiction Undergraduate Library (Christ Temple) Undergraduate Library (Christ Temple) General stacks 06/02/2025   BV652 CHU ulct00002844 06/02/2025 2 06/02/2025 Books
© 2023-2024 Copyright: Central University Libraries. All Rights Reserved | Created by: Mahone Tech Office